Nessus network auditing (Record no. 6381)
[ view plain ]
| 000 -LEADER | |
|---|---|
| fixed length control field | 01037cam a2200241 a 4500 |
| 020 ## - INTERNATIONAL STANDARD BOOK NUMBER | |
| ISBN | 1931836086 |
| 050 14 - CALL NUMBER | |
| Classification number | TK5105.59 |
| Item number | .N477 2004b |
| 100 ## - AUTHOR | |
| Personal name | Renaud Deraison |
| 245 00 - TITLE | |
| Title | Nessus network auditing |
| Statement of responsibility, etc | Renaud Deraison ... [et al.] ; technical editor[s] H.D Moore, ... Noam Rathaus. |
| 260 ## - PUBLICATION INFORMATION | |
| Place of publication | Rockland, Mass. : |
| Name of publisher | Syngress Publishing, |
| Year of publication | c2004 |
| 300 ## - DESCRIPTION | |
| Number of Pages | (xxix, 508 pages) : |
| Other physical details | illustrations. |
| 500 ## - NOTES | |
| General note | Title from title screen. |
| 505 ## - FORMATTED CONTENTS NOTE | |
| Table of Content | Vulnerability assessment --<br/>Introducing Nessus --<br/>Installing Nessus --<br/>Running your first scan --<br/>Interpreting results --<br/>Vulnerability types --<br/>False positives --<br/>Under the hood --<br/>The Nessus knowledge base --<br/>Enterprise scanning --<br/>NASL --<br/>The Nessus user community. |
| 650 #0 - SUBJECTS | |
| Topical Term | Internet |
| General subdivision | Security measures. |
| 650 #0 - SUBJECTS | |
| Topical Term | Computer networks |
| General subdivision | Security measures. |
| 650 #0 - SUBJECTS | |
| Topical Term | Computer security. |
| 650 #0 - SUBJECTS | |
| Topical Term | Risk assessment. |
| 700 1# - OTHER AUTHORS | |
| Personal name | Deraison, Renaud. |
| 700 1# - OTHER AUTHORS | |
| Personal name | Moore, H.D. |
| 700 1# - OTHER AUTHORS | |
| Personal name | Rathaus, Noam. |
| 710 2# - OTHER AUTHORS | |
| OTHER AUTHORS | Books24x7, Inc. |
| 942 ## - ADDED ENTRY ELEMENTS (KOHA) | |
| Koha item type | Books |
| Withdrawn status | Lost status | Collection code | Home library | Current library | Shelving location | Date acquired | Full call number | Accession Number | Koha item type |
|---|---|---|---|---|---|---|---|---|---|
| Reference | Methodist University Library Main | Methodist University Library Main | General Stacks | 10/05/2019 | TK5105.59 .N36 | 7596 | Books | ||
| Reference | Methodist University Library Main | Methodist University Library Main | General Stacks | 10/05/2019 | TK5105.59 .N36 | 7597 | Books |